000 00438 a2200157 4500
999 _c42
_d42
008 210413b ||||| |||| 00| 0 eng d
020 _a9789386515728
082 0 0 _a342.54029
_bS5313
100 _aBasu, Durga Das
_94919
245 _aIntroduction to the constitution of India /
_cby Durga Das Basu
250 _a23rd ed.
260 _aGurgaon:
_bLexis Nexis,
_c2018.
300 _axxxiii, 559 p.
650 0 _aIndian Polity
942 _2ddc
_cBK